Influencia del neoliberalismo en la experiencia del campesinado El caso de Mx̌ico /

Bibliographic Details
Main Author: Acosta Reveles, Irma Lorena
Format: eBook
Language:Spanish
Published: [s.l.] : Editorial vLex, 2006
Subjects:
Online Access:Acceso restringido

MARC

LEADER 00000nam a22000007a 4500
005 2012071806456.0
007 cr|||| ||||
008 120718s2006 mx |||||s|||| 00||0 spa d
020 |a  84-690-0602-9 
035 |a 6556 
040 |a vLex 
090 |c 3288  |d 3288 
100 1 |a Acosta Reveles, Irma Lorena  
245 1 0 |a Influencia del neoliberalismo en la experiencia del campesinado  |h [Recurso electrn̤ico] :  |b El caso de Mx̌ico /  |c Irma Lorena Acosta Reveles  
256 |a Servicio en ln̕ea 
260 |a [s.l.] :  |b Editorial vLex,   |c 2006 
300 |a 1 recurso electrn̤ico 
506 1 |a Contenido solo disponible en los productos indicados  |d vLex Global   |d vLex Global (Academic Edition, excluding Law Schools)   |d vLex Global (U.S. Academic Edition, Law Schools)   |d vLex Global (U.S. Academic Edition, excluding Law Schools)   |d vLex Global (Academic Edition, Law Schools)  
650 0 4 |a Neoliberalismo  |z Mx̌ico 
650 0 4 |a Comunitats rurals  |z Mx̌ico 
740 0 |a vLex Libros (Servicio en ln̕ea) 
856 4 0 |u http://vlex.com/source/influencia-neoliberalismo-experiencia-campesinado-caso-mexico-6556  |z Acceso restringido 
942 |c BOOK 
999 0 |a Village communities 
999 0 |a Neoliberalism